<?xml version="1.0" encoding="utf-8"?>
<?xml-stylesheet type='text/xsl' href='./oai2.xsl'?>
<OAI-PMH xmlns="http://www.openarchives.org/OAI/2.0/" xmlns:xsi="http://www.w3.org/2001/XMLSchema-instance" xsi:schemaLocation="http://www.openarchives.org/OAI/2.0/ http://www.openarchives.org/OAI/2.0/OAI-PMH.xsd">
  <responseDate>2026-06-05T07:22:10Z</responseDate>
  <request verb="GetRecord" metadataPrefix="marcxml" identifier="record_kuniweb_1475751">https://kulturerbe.niedersachsen.de/oai</request>
  <GetRecord>
    <record>
      <header>
        <identifier>record_kuniweb_1475751</identifier>
        <datestamp>2026-03-31T19:09:18Z</datestamp>
        <setSpec>slg0186</setSpec>
      </header>
      <metadata>
        <marc:record xmlns:marc="http://www.loc.gov/MARC21/slim" xsi:schemaLocation="http://www.loc.gov/MARC21/slim http://www.loc.gov/standards/marcxml/schema/MARC21slim.xsd">
          <marc:leader>12345nrm  22     uu 4500</marc:leader>
          <marc:controlfield tag="001">1475751</marc:controlfield>
          <marc:controlfield tag="003">http://kuniweb.gbv.de</marc:controlfield>
          <marc:controlfield tag="005">2024-08-20T16:51:04</marc:controlfield>
          <marc:controlfield tag="008">|           ||||||||||||||||||||||</marc:controlfield>
          <marc:datafield tag="245" ind1="1" ind2="0">
            <marc:subfield code="a">Schrank</marc:subfield>
          </marc:datafield>
          <marc:datafield tag="655" ind1=" " ind2="7">
            <marc:subfield code="a">Kunsthandwerk</marc:subfield>
          </marc:datafield>
          <marc:datafield tag="046" ind1=" " ind2=" ">
            <marc:subfield code="k">1730</marc:subfield>
            <marc:subfield code="k">um 1730</marc:subfield>
          </marc:datafield>
          <marc:datafield tag="260" ind1=" " ind2=" ">
            <marc:subfield code="g">1730</marc:subfield>
            <marc:subfield code="g">um 1730</marc:subfield>
          </marc:datafield>
          <marc:datafield tag="300" ind1=" " ind2=" ">
            <marc:subfield code="a">Höhe: 240 cm
Breite: 260 cm
Tiefe: 75 cm</marc:subfield>
          </marc:datafield>
          <marc:datafield tag="520" ind1=" " ind2=" ">
            <marc:subfield code="a">Der eingeschossige, zweitürige Kleiderschrank wird durch drei korinthische Pilaster auf der Front gegliedert. Er sitzt auf einem Sockelkasten auf, der auf fünf dicken gedrückten Kugelfüßen ruht. Nach oben hin schließt ein weit vorkragendes Kranzgesims den Schrank ab. Der Sockelkasten wird durch die Postamente der Pilaster plastisch betont. Zwischen den Postamenten sind Kissenfüllungen aufgesetzt, ebenso an den Seiten des Sockelkastens. Die drei Pilaster tragen jeweils in der Mitte ein Nussbaummedaillon, das von kleinen floralen Schnitzereien eingefasst wird. Am Mittelpilaster ist dieses verschiebbar und dient zur Abdeckung des Schlüssellochs. Die Türen zwischen den Pilastern sind mit einer Bastionsrahmung und einer innen liegenden Zickzackrahmung strukturiert. Diese ruht auf einer breiten Konsole wie ein Fenster auf einer Fensterbank und erinnert an eine Ädikula. Die Profile der Rahmungen sind mehrfach gebrochen. Auch auf den Seitenteilen ist eine Rahmung angebracht, sie ist wulstig und von fast quadratischer Form.
Die Besonderheit der Marketerie liegt in der Furnierauswahl. Die unterschiedliche Farbigkeit des Nussbaumfurniers und dessen Maserungen gestalten die Oberfläche. Die Füllungen der Türen und Seiten sind als Kreuzfugen furniert. Bandeinlagen auf den Pilastern und den Türen umschließen kleine dunkle Bereiche und gliedern so die Fläche. Die Profilleisten am Deckel sind mit Nussbaum querfurniert. (Schneider)

Veröffentlicht in:
A. Schneider, „Braunschweiger Möbel des 18. Jahrhunderts“, Reihe Braunschweigisches Kunsthandwerk, Bd. 4. Richard Borek Stiftung, Braunschweig, 2021. (S. 52-53, Nr. K4.)</marc:subfield>
          </marc:datafield>
          <marc:datafield tag="500" ind1=" " ind2=" ">
            <marc:subfield code="a">Nachlass/Erbschaft/Vermächtnis

1940/1941</marc:subfield>
          </marc:datafield>
          <marc:datafield tag="650" ind1="1" ind2=" ">
            <marc:subfield code="a">Möbel &gt; Behältnismöbel &gt; Schrank</marc:subfield>
          </marc:datafield>
          <marc:datafield tag="650" ind1="1" ind2=" ">
            <marc:subfield code="a">Gebrauchsgegenstand</marc:subfield>
          </marc:datafield>
          <marc:datafield tag="650" ind1="1" ind2=" ">
            <marc:subfield code="a">Schränke (zweitürig)</marc:subfield>
          </marc:datafield>
          <marc:datafield tag="773" ind1="0" ind2=" ">
            <marc:subfield code="t">Sammlung Kunstgewerbe</marc:subfield>
          </marc:datafield>
          <marc:datafield tag="852" ind1=" " ind2=" ">
            <marc:subfield code="a">Städtisches Museum Braunschweig</marc:subfield>
          </marc:datafield>
          <marc:datafield tag="852" ind1=" " ind2=" ">
            <marc:subfield code="a">Braunschweig (Niedersachsen)</marc:subfield>
          </marc:datafield>
          <marc:datafield tag="" ind1=" " ind2=" ">
            <marc:subfield code="a">Namensnennung - Nicht kommerziell - Keine Bearbeitungen 4.0 International (CC BY-NC-ND 4.0)</marc:subfield>
          </marc:datafield>
        </marc:record>
      </metadata>
    </record>
  </GetRecord>
</OAI-PMH>
